| 000 | 00638nam a2200241Ia 4500 | ||
|---|---|---|---|
| 003 | OSt | ||
| 005 | 20220924121011.0 | ||
| 006 | a|||||r|||| 00| 0 | ||
| 007 | ta | ||
| 008 | 220923b |||||||| |||| 00| 0 urd d | ||
| 020 | _c30.00 | ||
| 024 | _a322412 | ||
| 037 | _cTextual | ||
| 040 |
_aARTS _cARTS _burd |
||
| 041 |
_2urd _aurd |
||
| 082 | _aT:3(P168), 168M9 | ||
| 245 | 0 | _aNai taleemi policy aur Urdu tadrees | |
| 260 |
_aDelhi _bUrdu academy India _c1989 |
||
| 650 | _a URDU LANGUAGE - EDUCATION | ||
| 650 |
_aTEACHING _934578 |
||
| 942 |
_hT:3(P168), 168M9 _cTEXL _2CC |
||
| 999 |
_c405350 _d405350 |
||